000 00372nam a2200157Ia 4500
008 221030s9999 xx 000 0 und d
020 _a8176112534
041 _aEnglish
082 _a105.23
_bMat
100 _aM. J. Mathew
245 0 _aBusiness Communication
_cby M. J. Mathew
260 _bRBSA Pub
_aJaipur
_c2005
300 _a322
650 _aENGLISH
942 _cBK
999 _c4747
_d4747